<?xml version="1.0" encoding="UTF-8"?>
<marc:record xmlns:marc="http://www.loc.gov/MARC21/slim">
   <marc:leader>00000nam a2200000 a 4500</marc:leader>
   <marc:datafield ind1="0" ind2="0" tag="245">
      <marc:subfield code="a">Männertreu</marc:subfield>
   </marc:datafield>
   <marc:datafield ind1=" " ind2="1" tag="264">
      <marc:subfield code="a">Ismaning</marc:subfield>
      <marc:subfield code="b">EuroVideo</marc:subfield>
      <marc:subfield code="c">2013</marc:subfield>
   </marc:datafield>
   <marc:datafield ind1="1" ind2=" " tag="490">
      <marc:subfield code="a">3</marc:subfield>
   </marc:datafield>
   <marc:datafield ind1="1" ind2=" " tag="520">
      <marc:subfield code="a">Georg Sahl, einer der letzten großen Zeitungsverleger mit liberal-konservativem Qualitätsanspruch, bekommt über die Frankfurter Oberbürgermeisterin das Angebot unterbreitet, Bundespräsident zu werden. Seine Ehefrau Franziska, eine erfolgreiche Scheidungsanwältin, ist zunächst nicht sehr glücklich darüber, bald nur noch als "First Lady" zu repräsentieren. Als auch noch Georgs junge Geliebte Nina nach einem Streit schwer verletzt wird, ist nicht nur seine Karriere in Gefahr...</marc:subfield>
   </marc:datafield>
   <marc:datafield ind1=" " ind2=" " tag="020">
      <marc:subfield code="a">4009750211052</marc:subfield>
      <marc:subfield code="9">4009750211052</marc:subfield>
   </marc:datafield>
   <marc:datafield ind1="0" ind2=" " tag="490">
      <marc:subfield code="v">0</marc:subfield>
   </marc:datafield>
   <marc:datafield ind1=" " ind2=" " tag="300">
      <marc:subfield code="a">90 Min.</marc:subfield>
   </marc:datafield>
</marc:record>
